000
00300nam a2200145Ia 4500
100
_a
Crouse/William H
942
_c
BK
654
_a
Engines
245
_a
Automotive Engines
260
_b
McGraw Hill
_a
Newyork
_c
1959
082
_a
629.25
_b
CRO
300
_a
518
546
_a
ENGLISH
999
_c
17982
_d
17982